000
00349nam a2200145 4500
999
_c
11856
_d
11856
003
OSt
005
20231003154555.0
008
231003b ||||| |||| 00| 0 eng d
020
_a
0876922817
100
_a
Dennis Le croisse
245
_a
Transistors
260
_b
prentice-hall of india private limited-New Delhi
300
_a
280p.
942
_2
ddc